| 000 | 00477nam a2200133 a 4500 | ||
|---|---|---|---|
| 008 | 120416s1968 ||||||||||||||||| || u | ||
| 050 | _aTA 403 Mot | ||
| 100 | _aMott, L.C | ||
| 245 | 1 | 0 | _aEngineering materials for M.E.T. part 1 |
| 260 |
_aLondon _bOxford University Press _c1968 |
||
| 300 | _axvi, 113p. : ill | ||
| 350 | _a0.00 | ||
| 995 |
_D0.00 _FCBU-MAIN LIBRARY (Kitwe) _H1 _I1.00 _M1 _UDAMAGED _ZMain Library Open Access Collection |
||
| 999 |
_c41952 _d41952 |
||